Historia do Brasil para crianças
Saved in:
| Main Author: | |
|---|---|
| Other Authors: | |
| Format: | Unknown |
| Language: | Portuguese |
| Published: |
Brasil
Companhia Editora Nacional
1936
|
| Textbook Catalogue: | MANES: Library Catalog Search Result |
| Textbook Classification: |
|
| Series: | Biblioteca Pedagógica Brasileira. Serie 1ª. Literatura infantil
|
| Tags: |
Add Tag
No Tags, Be the first to tag this record!
|
| Added to: | 2016-04-26 |
| Changed in: | 2025-02-12 |
MARC
| LEADER | 000000000a22000000004500 | ||
|---|---|---|---|
| 001 | 13028 | ||
| 003 | OSt | ||
| 005 | 20250212180336.0 | ||
| 008 | 160427s sp ||||| |||| 00| 0 por d | ||
| 040 | |c centro_manes | ||
| 041 | 1 | |a prt | |
| 100 | 1 | |a Belmonte. Ilustraçòes |9 8105 | |
| 245 | 0 | 0 | |a Historia do Brasil para crianças |
| 260 | 3 | |a Brasil |b Companhia Editora Nacional |c 1936 | |
| 300 | |a 237 p. |c 22 x 16 cm | ||
| 440 | |a Biblioteca Pedagógica Brasileira. Serie 1ª. Literatura infantil |9 8107 | ||
| 500 | |a Contenido: LIX (59) capítulos en los que se abordan temas de la historia del Brasil, como por ejemplo: "O contador de historias. O mundo antigo. O louco. A Pindorama. Na terra das palmeiras. Acama de assucar. As primeiras boiadas. Os padres jesuitas. Grandes homens. A mesa brasileira. A chegada da côrte portugueza. Os sonhadores de 1817. 13 de maio. 15 de novembro. El libro tiene ilustraciones y pasta dura con muchos colores. | ||
| 546 | |a Brasil | ||
| 690 | 0 | |a HI | |
| 691 | 7 | |a PRI | |
| 700 | 1 | |a Corrèa, V. Autor |9 8106 | |
| 942 | |2 ddc |c BK | ||
| 999 | |c 19002 |d 19002 | ||
| 999 | |c manes:19002 |d 19002 | ||